ARRUPE JESUIT UNIVERSITY

CORONAVIRUS -STOP THE SPREAD - CLEAN,DISINFECT,COVER

Oral literature : (Record no. 124560)

MARC details
000 -LEADER
fixed length control field 00902cam a2200277 a 4500
001 - CONTROL NUMBER
control field 290535
003 - CONTROL NUMBER IDENTIFIER
control field ARRUPE
005 - DATE AND TIME OF LATEST TRANSACTION
control field 20160412091426.0
008 - FIXED-LENGTH DATA ELEMENTS--GENERAL INFORMATION
fixed length control field 830103s1982 ke b 000 0 eng d
035 ## - SYSTEM CONTROL NUMBER
System control number (OCoLC)ocm09094667
035 ## - SYSTEM CONTROL NUMBER
System control number (CStRLIN)NYCG85-B101136
035 ## - SYSTEM CONTROL NUMBER
System control number (NNC)290535
040 ## - CATALOGING SOURCE
Original cataloging agency UIU
Transcribing agency UIU
Modifying agency OCL
-- BOS
-- m/c
041 1# - LANGUAGE CODE
Language code of text/sound track or separate title engmul
Language code of original and/or intermediate translations of text mul
043 ## - GEOGRAPHIC AREA CODE
Geographic area code f-ke---
300 ## - PHYSICAL DESCRIPTION
Dimensions 21 cm.
100 1# - MAIN ENTRY--PERSONAL NAME
Personal name Akivaga, S. Kichamu.
9 (RLIN) 23665
245 10 - TITLE STATEMENT
Title Oral literature :
Remainder of title a school certificate course /
Statement of responsibility, etc S. Kichamu Akivaga and A. Bole Odaga.
260 ## - PUBLICATION, DISTRIBUTION, ETC. (IMPRINT)
Place of publication, distribution, etc Nairobi [Kenya] :
Name of publisher, distributor, etc Heinemann Educational Books,
Date of publication, distribution, etc 1982.
300 ## - PHYSICAL DESCRIPTION
Extent xii, 134 p. ;
500 ## - GENERAL NOTE
General note Some poetry presented in original language followed by English translation.
504 ## - BIBLIOGRAPHY, ETC. NOTE
Bibliography, etc Bibliography: p. 134.
650 #0 - SUBJECT ADDED ENTRY--TOPICAL TERM
Topical term or geographic name as entry element Folklore
General subdivision Study and teaching
9 (RLIN) 23666
700 1# - ADDED ENTRY--PERSONAL NAME
Personal name Odaga, Asenath.
9 (RLIN) 23667
942 ## - ADDED ENTRY ELEMENTS (KOHA)
Source of classification or shelving scheme Library of Congress Classification
Koha item type Monograph ( Printed materials)
Holdings
Withdrawn status Lost status Source of classification or shelving scheme Damaged status Not for loan Collection code Home library Current library Shelving location Date acquired Total Checkouts Full call number Barcode Date last seen Price effective from Koha item type
    Library of Congress Classification     Main Collection ARRUPE LIBRARY ARRUPE LIBRARY Main Collection 12/04/2016   GR45.A315 46500007003 10/04/2018 12/04/2016 Monograph ( Printed materials)

 

Arrupe Library. PO Box MP320 Mt Pleasant, Harare, Zimbabwe
263 242 745411|librarian@aju.ac.zw